Pigmalión 1950 (Record no. 44617)

MARC details
000 -LEADER
campo de control de longitud fija 00605nam a2200205 i 4500
001 - NÚMERO DE CONTROL
campo de control 44617
003 - IDENTIFICADOR DE NÚMERO DE CONTROL
campo de control ES-MaACL
005 - FECHA Y HORA DE LA ÚLTIMA TRANSACCIÓN
campo de control 20250930063050.0
007 - CAMPO FIJO DE DESCRIPCIÓN FÍSICA--INFORMACIÓN GENERAL
campo de control de longitud fija t|
008 - DATOS DE LONGITUD FIJA--INFORMACIÓN GENERAL
campo de control de longitud fija 030321s1953 sp ||||1| spa d
100 1# - ENTRADA PRINCIPAL--NOMBRE DE PERSONA
Nombre de persona Clarasó, Noel,
Fechas asociadas al nombre 1899-1985
9 (RLIN) 39003
245 10 - MENCIÓN DEL TÍTULO
Título Pigmalión 1950
Resto del título : novela rara /
Mención de responsabilidad, etc. por Noel Clarasó.
250 ## - MENCION DE EDICION
Mención de edición [1ª ed.].
260 ## - PUBLICACIÓN, DISTRIBUCIÓN, ETC.
Lugar de publicación, distribución, etc. Barcelona :
Nombre del editor, distribuidor, etc. José Janés,
Fecha de publicación, distribución, etc. 1953 (
Fabricante Tip. Miguza)
300 ## - DESCRIPCIÓN FÍSICA
Extensión 226 p. ;
Dimensiones 20 cm.
490 1# - MENCIÓN DE SERIE
Mención de serie Al monigote de papel
830 0# - PUNTO DE ACCESO ADICIONAL DE SERIE-TÍTULO UNIFORME
Título uniforme Al monigote de papel
9 (RLIN) 181405
852 ## - LOCALIZACIÓN
Ubicación ES-MaACL
Número de control de estantería C-6085
Sublocalización o colección R.34921
Holdings
Estatus retirado Estado de pérdida Estado de daño No para préstamo Biblioteca de origen Biblioteca actual Ubicación en estantería Fecha de adquisición Fuente de adquisición Total de préstamos Signatura topográfica completa Código de barras Visto por última vez Precio de reemplazo Tipo de ítem Koha
        Biblioteca del Ateneo de Madrid Biblioteca del Ateneo de Madrid Sala Palomar 17/01/2008     C-6085 1046959 23/02/2023 23/02/2023 Libro impreso